Departments of the French Fourth Republic in 1958 on a Map - Statistics

General Stats
  • This quiz has been taken 65 times
    34 since last reset
  • The average score is 36 of 109
Answers on the Map
Answers color-coded by a green-red scale on the quiz's map according to % correct below.
 
Answer Stats
Departments % Correct
20 Corse
92%
9A Alger
83%
973 Guyane
79%
971 Guadeloupe
67%
972 Martinique
67%
974 La Réunion
63%
9G Oran
63%
9D Constantine
58%
73 Savoie
50%
42 Loire
46%
57 Moselle
46%
69 Rhône
46%
75 Seine
46%
46 Lot
42%
80 Somme
42%
06 Alpes-Maritimes
38%
08 Ardennes
38%
67 Bas-Rhin
38%
29 Finistère
38%
05 Hautes-Alpes
38%
74 Haute-Savoie
38%
39 Jura
38%
45 Loiret
38%
51 Marne
38%
59 Nord
38%
9M Tlemcen
38%
01 Ain
33%
02 Aisne
33%
12 Aveyron
33%
13 Bouches-du-Rhône
33%
15 Cantal
33%
16 Charente
33%
17 Charente-Maritime
33%
21 Côte-d'Or
33%
24 Dordogne
33%
43 Haute-Loire
33%
52 Haute-Marne
33%
65 Hautes-Pyrénées
33%
87 Haute-Vienne
33%
68 Haut-Rhin
33%
44 Loire-Atlantique
33%
47 Lot-et-Garonne
33%
48 Lozère
33%
50 Manche
33%
54 Meurthe-et-Moselle
33%
55 Meuse
33%
56 Morbihan
33%
62 Pas-de-Calais
33%
66 Pyrénées-Orientales
33%
71 Saône-et-Loire
33%
77 Seine-et-Marne
33%
76 Seine-Maritime
33%
90 Territoire de Belfort
33%
83 Var
33%
85 Vendée
33%
86 Vienne
33%
03 Allier
29%
07 Ardèche
29%
09 Ariège
29%
10 Aube
29%
11 Aude
29%
14 Calvados
29%
18 Cher
29%
19 Corrèze
29%
23 Creuse
29%
79 Deux-Sèvres
29%
25 Doubs
29%
26 Drôme
29%
27 Eure
29%
28 Eure-et-Loir
29%
30 Gard
29%
32 Gers
29%
33 Gironde
29%
31 Haute-Garonne
29%
34 Hérault
29%
35 Ille-et-Vilaine
29%
36 Indre
29%
37 Indre-et-Loire
29%
38 Isère
29%
40 Landes
29%
41 Loir-et-Cher
29%
53 Mayenne
29%
58 Nièvre
29%
60 Oise
29%
61 Orne
29%
63 Puy-de-Dôme
29%
72 Sarthe
29%
81 Tarn
29%
82 Tarn-et-Garonne
29%
84 Vaucluse
29%
88 Vosges
29%
89 Yonne
29%
70 Haute-Saône
25%
49 Maine-et-Loire
25%
8A Oasis
21%
78 Seine-et-Oise
21%
9L Tizi Ouzou
21%
04 Basses-Alpes
17%
64 Basses-Pyrénées
17%
9B Batna
17%
9C Bône
17%
22 Côtes-du-Nord
17%
9F Mostaganem
17%
9J Sétif
13%
9H Orléansville
8%
9R Saïda
8%
9K Tiaret
8%
9E Médéa
4%
8B Saoura
4%
No matching quizzes found
Score Distribution
Percent of People with Each Score
Percentile by Number Answered
Your Score History
You have not taken this quiz since the last reset